[Event "Wch Seniors 65 31st"]
[Site "Terassini"]
[Date "2023.11.04"]
[Round "10"]
[White "Hartung Nielsen, Jens"]
[Black "Hammar, Bengt Erik"]
[Result "1/2-1/2"]
[WhiteElo "2196"]
[BlackElo "2136"]
[PlyCount "85"]
[EventDate "2023.10.25"]
[EventType "swiss"]
[EventRounds "11"]
[EventCountry "ITA"]
[SourceTitle "Mega2024 Update 01"]
[Source "Chessbase"]
[SourceDate "2023.11.12"]
[SourceVersion "1"]
[SourceVersionDate "2023.11.12"]
[SourceQuality "1"]

1. d4 Nf6 2. c4 g6 3. Nc3 d5 4. cxd5 Nxd5 5. e4 Nxc3 6. bxc3 Bg7 7. Bc4 0-0 8. Ne2 c5 9. 0-0 Nc6 10. Be3 Qc7 11. Rc1 b6 12. h4 Na5 13. Bd3 e6 14. h5 Bb7 15. Qd2 Rad8 16. Bh6 Qe7 17. Bxg7 Kxg7 18. h6+ Kg8 19. Qe3 f6 20. f4 Rd7 21. Qg3 f5 22. Qe3 Qh4 23. exf5 exf5 24. dxc5 Qd8 25. Bb5 Re8 26. Qf2 Bc6 27. Bxc6 Nxc6 28. Nd4 Nxd4 29. cxd4 Rxd4 30. c6 Rd2 31. c7 Rxf2 32. cxd8Q Rxf1+ 33. Kxf1 Rxd8 34. Rc7 Rd4 35. Rg7+ Kf8 36. g3 Ra4 37. Rxh7 Rxa2 38. Rh8+ Kf7 39. Kg1 Ra1+ 40. Kg2 Ra2+ 41. Kh3 Ra1 42. Kg2 Ra2+ 43. Kg1 1/2-1/2

[Event "Helsingor Xtracon op"]
[Site "Helsingor"]
[Date "2019.07.21"]
[Round "3"]
[White "Steenstrup, Svend"]
[Black "Hartung Nielsen, Jens"]
[Result "0-1"]
[WhiteElo "1924"]
[BlackElo "2184"]
[PlyCount "74"]
[EventDate "2019.07.20"]
[EventType "swiss"]
[EventRounds "10"]
[EventCountry "DEN"]
[SourceTitle "CBM 191 Extra"]
[Source "ChessBase"]
[SourceDate "2019.09.30"]
[SourceVersion "1"]
[SourceVersionDate "2019.09.30"]
[SourceQuality "1"]

1. d4 Nf6 2. c4 e6 3. Nc3 Bb4 4. f3 d5 5. cxd5 exd5 6. Bd2 0-0 7. Qc2 Nc6 8. e3 Re8 9. 0-0-0 Bf8 10. g4 Nb4 11. Qb3 c6 12. a3 Na6 13. Bd3 b5 14. Na2 Rb8 15. g5 Nh5 16. Qc2 g6 17. Qxc6 Re6 18. Qc2 b4 19. axb4 Nxb4 20. Nxb4 Bxb4 21. Ne2 Qa5 22. Kb1 Bd7 23. b3 Bxd2 24. Rxd2 Rxb3+ 25. Qxb3 Qxd2 26. Rd1 Qa5 27. Qa2 Qxa2+ 28. Kxa2 Rxe3 29. f4 Bg4 30. Rd2 Rxd3 31. Rxd3 Bxe2 32. Ra3 a6 33. f5 gxf5 34. Kb2 Bc4 35. Rf3 f4 36. Rh3 Kg7 37. Rxh5 f3 0-1

[Event "DEN-ch Seniors 65+"]
[Site "Odder"]
[Date "2019.02.14"]
[Round "4"]
[White "Hartung Nielsen, Jens"]
[Black "Christiansen, Arne"]
[Result "1/2-1/2"]
[WhiteElo "2192"]
[BlackElo "2039"]
[PlyCount "77"]
[EventDate "2019.02.11"]
[EventType "swiss"]
[EventRounds "7"]
[EventCountry "DEN"]
[SourceTitle "CBM 189 Extra"]
[Source "ChessBase"]
[SourceDate "2019.06.03"]
[SourceVersion "1"]
[SourceVersionDate "2019.06.03"]
[SourceQuality "1"]

1. d4 Nf6 2. c4 e6 3. Nc3 d5 4. cxd5 exd5 5. Bg5 c6 6. e3 Nbd7 7. Bd3 Be7 8. Qc2 0-0 9. Nge2 Re8 10. 0-0 Nf8 11. Rae1 Nh5 12. Bxe7 Qxe7 13. Ng3 Nxg3 14. hxg3 Bg4 15. e4 dxe4 16. Bxe4 Qd7 17. d5 cxd5 18. Bxd5 Be6 19. Rd1 Bxd5 20. Nxd5 Rac8 21. Qb3 Qc6 22. Rfe1 Ng6 23. Re3 Rxe3 24. Nxe3 h6 25. Qb4 b6 26. Qd4 Qe6 27. b3 Re8 28. Nc4 Qe2 29. a4 Re7 30. Ne3 Qh5 31. Rc1 Kh7 32. Qd3 Qe5 33. Nd5 Re6 34. Nf4 Rd6 35. Qc2 f5 36. Nxg6 Rxg6 37. Qc7 Qb2 38. Qc3 Qxc3 39. Rxc3 1/2-1/2

[Event "Wch Seniors 65 28th"]
[Site "Bled"]
[Date "2018.11.20"]
[Round "3"]
[White "Hartung Nielsen, Jens"]
[Black "Van Riemsdijk, Herman Claudius"]
[Result "1/2-1/2"]
[WhiteElo "2186"]
[BlackElo "2270"]
[PlyCount "35"]
[EventDate "2018.11.18"]
[EventType "swiss"]
[EventRounds "11"]
[EventCountry "SLO"]
[SourceTitle "CBM 187 Extra"]
[Source "ChessBase"]
[SourceDate "2018.11.04"]
[SourceVersion "1"]
[SourceVersionDate "2018.11.04"]
[SourceQuality "1"]

1. e4 e5 2. Nf3 Nc6 3. Nc3 Nf6 4. Bb5 Nd4 5. Ba4 Nxf3+ 6. Qxf3 Be7 7. Qg3 0-0 8. Qxe5 c6 9. 0-0 d5 10. d3 Bd6 11. Qg5 b5 12. e5 Be7 13. exf6 Bxf6 14. Qf4 Bxc3 15. bxc3 bxa4 16. Qxa4 Qf6 17. Be3 Bd7 18. Qa5 1/2-1/2

[Event "Wch Seniors 65 28th"]
[Site "Bled"]
[Date "2018.11.18"]
[Round "1"]
[White "Hartung Nielsen, Jens"]
[Black "Frey, Armin"]
[Result "1-0"]
[WhiteElo "2186"]
[BlackElo "1859"]
[PlyCount "57"]
[EventDate "2018.11.18"]
[EventType "swiss"]
[EventRounds "11"]
[EventCountry "SLO"]
[SourceTitle "CBM 187 Extra"]
[Source "ChessBase"]
[SourceDate "2018.11.04"]
[SourceVersion "1"]
[SourceVersionDate "2018.11.04"]
[SourceQuality "1"]

1. e4 c5 2. d4 cxd4 3. c3 dxc3 4. Nxc3 Nc6 5. Nf3 d6 6. Bc4 e6 7. 0-0 Nf6 8. Qe2 Be7 9. Rd1 Nd7 10. Nb5 Nb6 11. Bb3 a6 12. Nc3 Qc7 13. Bf4 0-0 14. Rac1 Bd7 15. Qd2 e5 16. Be3 Qd8 17. Bxb6 Qxb6 18. Nd5 Qd8 19. Nxe7+ Qxe7 20. Qxd6 Qxd6 21. Rxd6 Bg4 22. Bd5 Rad8 23. Rxd8 Rxd8 24. Bxc6 Bxf3 25. Bxb7 Be2 26. Bd5 g6 27. Rc7 Kg7 28. Rxf7+ Kh6 29. Rc7 1-0

[Event "EU-ch Seniors 65 18th"]
[Site "Drammen"]
[Date "2018.08.09"]
[Round "6"]
[White "Hewson, Brian Wr"]
[Black "Hartung Nielsen, Jens"]
[Result "1/2-1/2"]
[WhiteElo "2012"]
[BlackElo "2211"]
[PlyCount "101"]
[EventDate "2018.08.04"]
[EventType "swiss"]
[EventRounds "9"]
[EventCountry "NOR"]
[SourceTitle "CBM 186 Extra"]
[Source "ChessBase"]
[SourceDate "2018.08.24"]
[SourceVersion "1"]
[SourceVersionDate "2018.08.24"]
[SourceQuality "1"]

1. d4 Nf6 2. Nf3 e6 3. Bg5 c5 4. e3 cxd4 5. exd4 b6 6. Nbd2 Bb7 7. Bd3 Be7 8. 0-0 h6 9. Bh4 0-0 10. Re1 d6 11. Qe2 Nbd7 12. Ne4 Re8 13. Nxf6+ Bxf6 14. Bxf6 Nxf6 15. Ba6 Qc7 16. Bxb7 Qxb7 17. Qd3 b5 18. Nd2 Rec8 19. c3 a5 20. Re3 Qc6 21. f4 d5 22. f5 exf5 23. Qxf5 Re8 24. Rae1 Rxe3 25. Rxe3 Re8 26. Rxe8+ Qxe8 27. Qe5 Qxe5 28. dxe5 Nd7 29. Nf3 Nc5 30. Nd4 b4 31. cxb4 axb4 32. Nc6 b3 33. axb3 Nxb3 34. Ne7+ Kf8 35. Nxd5 Ke8 36. Ne3 g6 37. Kf2 Kd7 38. Nc4 Ke6 39. Ke3 Kd5 40. Nd6 f6 41. Nf7 Ke6 42. Nxh6 Kxe5 43. Ng4+ Ke6 44. Nf2 f5 45. h4 Kf6 46. Kf4 Nd4 47. b4 Ne6+ 48. Ke3 g5 49. hxg5+ Kxg5 50. b5 Nc7 51. Ne4+ 1/2-1/2

[Event "EU-ch Seniors 65 18th"]
[Site "Drammen"]
[Date "2018.08.08"]
[Round "5"]
[White "Hartung Nielsen, Jens"]
[Black "Wahlstedt, Mats"]
[Result "1-0"]
[WhiteElo "2211"]
[BlackElo "1951"]
[PlyCount "67"]
[EventDate "2018.08.04"]
[EventType "swiss"]
[EventRounds "9"]
[EventCountry "NOR"]
[SourceTitle "CBM 186 Extra"]
[Source "ChessBase"]
[SourceDate "2018.08.24"]
[SourceVersion "1"]
[SourceVersionDate "2018.08.24"]
[SourceQuality "1"]

1. c4 Nf6 2. g3 d5 3. Bg2 e6 4. Nf3 Nbd7 5. b3 Bd6 6. 0-0 c6 7. Bb2 0-0 8. d3 b6 9. Nc3 Bb7 10. e4 dxe4 11. dxe4 Qc7 12. Qe2 e5 13. Rad1 Rad8 14. Nh4 Rfe8 15. Nf5 Bf8 16. Bc1 h6 17. Qf3 Kh7 18. g4 g6 19. g5 hxg5 20. Bxg5 Re6 21. Bh3 Rde8 22. Ne3 Bg7 23. Bxe6 Rxe6 24. Rd2 Bc8 25. Rfd1 Kg8 26. Ng4 Nh5 27. Ne2 f6 28. Be3 Re8 29. Ng3 Nf4 30. Ne2 Nh5 31. Nh6+ Kf8 32. Qg4 f5 33. Qxg6 Ndf6 34. Rd7 1-0

[Event "Helsingor Xtracon op"]
[Site "Helsingor"]
[Date "2018.07.28"]
[Round "9"]
[White "Sawatzki, Frank"]
[Black "Hartung Nielsen, Jens"]
[Result "1-0"]
[WhiteElo "2380"]
[BlackElo "2207"]
[PlyCount "115"]
[EventDate "2018.07.21"]
[EventType "swiss"]
[EventRounds "10"]
[EventCountry "DEN"]
[SourceTitle "CBM 185 Extra"]
[Source "ChessBase"]
[SourceDate "2018.07.29"]
[SourceVersion "1"]
[SourceVersionDate "2018.07.29"]
[SourceQuality "1"]

1. e4 c5 2. Nf3 g6 3. d4 cxd4 4. Nxd4 Bg7 5. c4 Nc6 6. Be3 Nf6 7. Nc3 0-0 8. Be2 d6 9. Qd2 Bd7 10. 0-0 Nxd4 11. Bxd4 Bc6 12. f3 Nd7 13. Be3 a5 14. Rac1 Nc5 15. Rfd1 Be5 16. Qe1 Qb6 17. Rc2 f5 18. Nd5 Bxd5 19. exd5 f4 20. Bf2 Qc7 21. b3 e6 22. dxe6 Rae8 23. Qd2 Rxe6 24. Qd5 Rfe8 25. Rb1 Kh8 26. Bf1 Qg7 27. Qd2 b6 28. Rd1 g5 29. Re1 Bf6 30. Rxe6 Rxe6 31. Qd5 Qe7 32. Qd1 Qg7 33. Rd2 Be5 34. a3 g4 35. fxg4 Ne4 36. Rd3 Nxf2 37. Kxf2 b5 38. cxb5 Qa7+ 39. Kf3 Bg7 40. g5 Re3+ 41. Rxe3 Qxe3+ 42. Kg4 Qe6+ 43. Kh4 h6 44. Bc4 hxg5+ 45. Kh5 Qh6+ 46. Kg4 Qh4+ 47. Kf5 Qh7+ 48. Ke6 Qe4+ 49. Kd7 Qb7+ 50. Ke6 Qe4+ 51. Kxd6 Bf8+ 52. Kc7 Qe5+ 53. Kb7 Qe7+ 54. Ka6 Qf6+ 55. Kxa5 Bxa3 56. Qd5 Qf8 57. Qe5+ Kh7 58. Bd3+ 1-0

[Event "Helsingor Xtracon op"]
[Site "Helsingor"]
[Date "2017.07.30"]
[Round "10"]
[White "Hartung Nielsen, Jens"]
[Black "Andersen, Dag"]
[Result "1-0"]
[WhiteElo "2175"]
[BlackElo "1855"]
[PlyCount "93"]
[EventDate "2017.07.22"]
[EventType "swiss"]
[EventRounds "10"]
[EventCountry "DEN"]
[SourceTitle "CBM 179 Extra"]
[Source "ChessBase"]
[SourceDate "2017.08.23"]
[SourceVersion "1"]
[SourceVersionDate "2017.08.23"]
[SourceQuality "1"]

1. d4 Nf6 2. Nf3 d5 3. e3 c6 4. c4 e6 5. b3 Nbd7 6. Bb2 Bd6 7. Bd3 0-0 8. 0-0 Re8 9. Ne5 Nf8 10. Nd2 N6d7 11. e4 f6 12. Nef3 Kh8 13. Re1 Bf4 14. Qe2 dxc4 15. Nxc4 b5 16. Ncd2 a6 17. b4 Bxd2 18. Nxd2 e5 19. Nb3 exd4 20. Bxd4 Ne5 21. Rad1 Nxd3 22. Rxd3 Ne6 23. Be3 Qe7 24. Qd2 Rd8 25. Rxd8+ Nxd8 26. Bc5 Qe8 27. e5 f5 28. Rd1 Be6 29. Nd4 Nf7 30. Nxe6 Qxe6 31. f4 h6 32. Qd7 Re8 33. Qxe6 Rxe6 34. Rd7 Kg8 35. Rc7 g5 36. g3 h5 37. Be7 h4 38. Kf2 hxg3+ 39. hxg3 gxf4 40. gxf4 Nh6 41. Bd6 Ng4+ 42. Kf3 Rh6 43. Rxc6 Rh3+ 44. Ke2 Rh2+ 45. Kd3 Rxa2 46. e6 Ra1 47. Rc8+ 1-0

[Event "DEN-ch Seniors 65+"]
[Site "Logumkloster"]
[Date "2017.02.18"]
[Round "7"]
[White "Hartung Nielsen, Jens"]
[Black "Sorensen, Bent"]
[Result "1/2-1/2"]
[WhiteElo "2174"]
[BlackElo "2255"]
[PlyCount "113"]
[EventDate "2017.02.12"]
[EventType "swiss"]
[EventRounds "7"]
[EventCountry "DEN"]
[SourceTitle "EXT 2018"]
[Source "ChessBase"]
[SourceDate "2017.10.13"]
[SourceVersion "1"]
[SourceVersionDate "2017.10.13"]
[SourceQuality "1"]

1. e4 e6 2. d4 d5 3. Nc3 Nf6 4. e5 Nfd7 5. f4 c5 6. Nf3 Nc6 7. Be3 cxd4 8. Nxd4 Nxd4 9. Bxd4 Bc5 10. Bxc5 Nxc5 11. Qd4 b6 12. 0-0-0 0-0 13. Kb1 f6 14. g3 Bb7 15. Bh3 f5 16. Bg2 Qe8 17. Bf3 Rc8 18. Rd2 Kh8 19. Rc1 Ba6 20. Qb4 Rf7 21. Nd1 Rfc7 22. Ne3 Nd3 23. Qa3 Nxc1 24. Qxa6 Rc5 25. Kxc1 Ra5 26. Qd3 Rxa2 27. b3 Qe7 28. Kd1 Qb4 29. Qd4 Qxd4 30. Rxd4 Rc3 31. Kd2 Rxb3 32. Nxd5 Rxf3 33. Nb4 h5 34. Nxa2 Rf2+ 35. Kc1 Rxh2 36. Nc3 Kh7 37. Kd1 h4 38. gxh4 Rxh4 39. Ne2 a5 40. Rd6 g5 41. fxg5 Rb4 42. Rxe6 a4 43. Rh6+ Kg7 44. Ng3 a3 45. Nxf5+ Kg8 46. Rg6+ Kh8 47. Rc6 a2 48. Rc8+ Kh7 49. Ra8 Rb1+ 50. Kd2 a1Q 51. Rxa1 Rxa1 52. Ne7 Ra5 53. Nc8 Rd5+ 54. Kc1 b5 55. e6 Rxg5 56. e7 Re5 57. Nd6 1/2-1/2

[Event "Wch Seniors 50 26th"]
[Site "Marianske Lazne"]
[Date "2016.11.23"]
[Round "5"]
[White "Hartung Nielsen, Jens"]
[Black "Fox, Anthony"]
[Result "1-0"]
[WhiteElo "2200"]
[BlackElo "1986"]
[PlyCount "79"]
[EventDate "2016.11.19"]
[EventType "swiss"]
[EventRounds "11"]
[EventCountry "CZE"]
[SourceTitle "CBM 175 Extra"]
[Source "ChessBase"]
[SourceDate "2016.12.12"]
[SourceVersion "1"]
[SourceVersionDate "2016.12.12"]
[SourceQuality "1"]

1. e4 e5 2. Nf3 Nc6 3. Nc3 Nf6 4. Bb5 Bb4 5. 0-0 0-0 6. d3 d6 7. Bg5 Bxc3 8. bxc3 Qe7 9. Re1 Nd8 10. d4 Ne6 11. Bc1 c5 12. Bf1 Rd8 13. d5 Nf8 14. a4 b6 15. Nd2 Ng6 16. g3 Bg4 17. f3 Bd7 18. Bb5 Bh3 19. Qe2 h6 20. Qf2 Nh5 21. Bf1 Bd7 22. Nc4 Rab8 23. Ne3 Qe8 24. Bb5 Bxb5 25. axb5 Qxb5 26. Rxa7 Ra8 27. Rb7 Qa6 28. Rc7 Rac8 29. Rxc8 Rxc8 30. Nf5 Rd8 31. f4 exf4 32. Qf3 Nf6 33. Bxf4 Ne8 34. Rf1 Qb7 35. Bxh6 gxh6 36. Nxh6+ Kg7 37. Nxf7 Rd7 38. Ng5 Kg8 39. Qf5 Kg7 40. Ne6+ 1-0

[Event "Helsingor Xtracon op"]
[Site "Helsingor"]
[Date "2016.07.28"]
[Round "7"]
[White "Dauth, Benjamin"]
[Black "Hartung Nielsen, Jens"]
[Result "1-0"]
[WhiteElo "2367"]
[BlackElo "2194"]
[PlyCount "47"]
[EventDate "2016.07.23"]
[EventType "swiss"]
[EventRounds "10"]
[EventCountry "DEN"]
[SourceTitle "CBM 173 Extra"]
[Source "ChessBase"]
[SourceDate "2016.08.29"]
[SourceVersion "1"]
[SourceVersionDate "2016.08.29"]
[SourceQuality "1"]

1. e4 d5 2. exd5 Nf6 3. Bb5+ Nbd7 4. c4 a6 5. Bxd7+ Bxd7 6. d4 e6 7. dxe6 Qe7 8. Ne2 Bxe6 9. d5 0-0-0 10. 0-0 Bg4 11. Nbc3 Qb4 12. Qd3 Bc5 13. a3 Qb3 14. Nd4 Bxd4 15. Qxd4 Rhe8 16. Bf4 Be2 17. Rfe1 Bxc4 18. Qc5 Rd7 19. Rxe8+ Nxe8 20. Re1 Nd6 21. Bxd6 Rxd6 22. Re7 Rd7 23. Re8+ Rd8 24. Qe7 1-0